[Event "Mid Bohemia Region-chT 2223"]
[Site "Czech Republic"]
[Date "2023.01.15"]
[Round "6.8"]
[White "Stein, Michael1111"]
[Black "Kacafirek, Miroslav"]
[Result "0-1"]
[WhiteElo "1537"]
[BlackElo "1916"]
[PlyCount "100"]
[EventDate "2022.10.09"]
[EventType "team-tourn"]
[EventRounds "11"]
[EventCountry "CZE"]
[SourceTitle "EXT 2024"]
[Source "ChessBase"]
[SourceDate "2023.10.10"]
[SourceVersion "1"]
[SourceVersionDate "2023.10.10"]
[SourceQuality "1"]
[WhiteTeam "Vlasim II"]
[BlackTeam "Kostelec nad CL"]
[WhiteTeamCountry "CZE"]
[BlackTeamCountry "CZE"]

1. e4 c5 2. Nf3 e6 3. d4 cxd4 4. Nxd4 Nc6 5. Nc3 a6 6. Be3 Nf6 7. g4 Bb4 8. Bg2 h6 9. h3 d5 10. Nxc6 bxc6 11. e5 Nd7 12. f4 Nb6 13. 0-0 Nc4 14. Bd2 Nxb2 15. Qe2 Nc4 16. f5 Qa5 17. Rf3 Nxd2 18. Qxd2 d4 19. Rd3 Bxc3 20. Rxc3 Qxc3 21. Qxc3 dxc3 22. Bxc6+ Bd7 23. Bxa8 exf5 24. gxf5 Bxf5 25. Bc6+ Ke7 26. Ba4 Bxh3 27. Rb1 Rd8 28. Rb6 Bd7 29. Bb3 Be6 30. Bxe6 fxe6 31. Rxa6 Rd1+ 32. Kf2 Rd2+ 33. Ke3 Rxc2 34. Ra7+ Kf8 35. Kd3 Rc1 36. a4 h5 37. a5 Kg8 38. a6 h4 39. Ra8+ Kh7 40. Rf8 Ra1 41. Kxc3 Rxa6 42. Rf4 g5 43. Rf2 Kg6 44. Kd3 g4 45. Ke3 Kg5 46. Rf8 h3 47. Kf2 Ra2+ 48. Ke3 h2 49. Rh8 Ra3+ 50. Kf2 Rh3 0-1

[Event "Mid Bohemia Region-chT 2223"]
[Site "Czech Republic"]
[Date "2022.12.11"]
[Round "5.7"]
[White "Kacafirek, Miroslav"]
[Black "Sedivy, Ondrej"]
[Result "1/2-1/2"]
[WhiteElo "1916"]
[BlackElo "1787"]
[PlyCount "54"]
[EventDate "2022.10.09"]
[EventType "team-tourn"]
[EventRounds "11"]
[EventCountry "CZE"]
[SourceTitle "EXT 2024"]
[Source "ChessBase"]
[SourceDate "2023.10.10"]
[SourceVersion "1"]
[SourceVersionDate "2023.10.10"]
[SourceQuality "1"]
[WhiteTeam "Kostelec nad CL"]
[BlackTeam "Cesky Brod"]
[WhiteTeamCountry "CZE"]
[BlackTeamCountry "CZE"]

1. e4 e6 2. d4 d5 3. Nc3 Nf6 4. e5 Nfd7 5. f4 c5 6. Nf3 Nc6 7. Be3 Be7 8. Qd2 0-0 9. 0-0-0 cxd4 10. Nxd4 Nb6 11. g4 Bd7 12. h4 Rc8 13. g5 Nxd4 14. Bxd4 Nc4 15. Bxc4 Rxc4 16. f5 exf5 17. Nxd5 Be6 18. Nxe7+ Qxe7 19. b3 Rc6 20. Bc3 Rfc8 21. Bb2 Qc7 22. Rh2 a5 23. Kb1 a4 24. bxa4 Rc4 25. a5 Ra4 26. a3 Rxa5 27. Rh3 Rd5 1/2-1/2

[Event "Mid Bohemia Region-chT 2223"]
[Site "Czech Republic"]
[Date "2022.10.09"]
[Round "1.7"]
[White "Kacafirek, Miroslav"]
[Black "Jancalek, Petr"]
[Result "1-0"]
[WhiteElo "1916"]
[BlackElo "1831"]
[PlyCount "51"]
[EventDate "2022.10.09"]
[EventType "team-tourn"]
[EventRounds "11"]
[EventCountry "CZE"]
[SourceTitle "EXT 2024"]
[Source "ChessBase"]
[SourceDate "2023.10.10"]
[SourceVersion "1"]
[SourceVersionDate "2023.10.10"]
[SourceQuality "1"]
[WhiteTeam "Kostelec nad CL"]
[BlackTeam "Odolena Voda Aero"]
[WhiteTeamCountry "CZE"]
[BlackTeamCountry "CZE"]

1. e4 c5 2. Nf3 a6 3. Nc3 d6 4. d4 cxd4 5. Nxd4 e5 6. Nb3 Be6 7. Be3 Ne7 8. Qd2 f5 9. f3 fxe4 10. fxe4 Ng6 11. 0-0-0 Nd7 12. h4 Be7 13. g3 Nf6 14. Be2 Qc7 15. a4 Bxb3 16. cxb3 Nxe4 17. Qd3 Nxg3 18. Kb1 Nxh1 19. Rxh1 0-0 20. Nd5 Qd8 21. h5 Nf4 22. Bxf4 exf4 23. Qe4 Rf7 24. Bd3 g6 25. hxg6 Rg7 26. Rxh7 1-0